000 00663nam a2200193 i 4500
001 81654
003 ES-MaACL
005 20230906174501.0
007 t|
008 041105s1907 xxk ||||1| eng d
100 1 _aHuxley, Thomas Henry.
_964863
245 1 2 _aA course of elementary instruction in pratical Biology /
_cby Thomas Henry Huxley ; assisted by H.M. Martin , revised edition extended and edited by G.B. Howes and D.H. Scott.
260 _aLondon :
_bMacmillan and CÂș,
_c1907.
300 _aXI, 512 p. ;
_c19 cm.
700 1 _aMartin, H. M.
_977304
700 1 _aHowes, G. B.
_964409
700 1 _aScott, D. H.
_9104943
852 _aES-MaACL
_jE-1132
999 _c81654
_d81654